00962nam a22002657a 450000500170000001000440001702000260006103500130008703500170010003500130011703700250013003700130015508200150016810000190018324500450020226000340024727000590028130000260034050000500036661000510041661000440046765000570051165000830056865000450065120180224141719.0 aBAC-EN21 ENG-111640 B-663939 a9780143420811c499.00 aEN-95172 aB-583348-358 aB-663939 adplbPansy Books/Ven aDBAD/PUB a356.160973 aMazzetti, Mark aThe way of the knife /cby Mark Mazzetti aNew YorkbPenguin Booksc2013 a11 Community Centre,Panchsheel ParkbNew Delhie110017 axii,379p. c24cm(pbk) aIncludes bibliographical references and index a United States. bCentral Intelligence Agency. a United States.bDepartment of Defense. aNational security zUnited States xDecision making. aSpecial operations (Military science)zUnited States xHistoryy 21st century. aInteragency coordinationzUnited States.